000 00303nam a2200121Ia 4500
008 190216s9999||||xx |||||||||||||| ||und||
100 _aDamodarlal Ganga
245 0 _aHindi-Pracheena Bharath Ka Rehasyamay Vonjaan
260 _bAppolo Prakashan
_c2010
300 _a166
650 _aHindi
942 _cBK
999 _c16899
_d16899